书目信息 |
| 题名: |
朱德祥代数与几何讲义
|
|
| 作者: | 朱德祥 著 | |
| 分册: | 第2卷 | |
| 出版信息: | 哈尔滨 哈尔滨工业大学出版社 2017.4 |
|
| 页数: | 122页 | |
| 开本: | 25cm | |
| 丛书名: | ||
| 单 册: | ||
| 中图分类: | O15 , O18 | |
| 科图分类: | ||
| 主题词: | 代数--高等学校--教学参考资料 , 几何--高等学校--教学参考资料 | |
| 电子资源: | ||
| ISBN: | 978-7-5603-6185-7 | |
| 000 | 00996nam0 2200253 450 | |
| 001 | 0400001400 | |
| 005 | 20171025142518.84 | |
| 010 | @a978-7-5603-6185-7@dCNY28.00 | |
| 100 | @a20170524d2017 em y0chiy50 ea | |
| 101 | 0 | @achi |
| 102 | @aCN@b230000 | |
| 105 | @ay z 000yy | |
| 106 | @ar | |
| 200 | 1 | @a朱德祥代数与几何讲义@9zhu de xiang dai shu yu ji he jiang yi@h第2卷@f朱德祥著 |
| 210 | @a哈尔滨@c哈尔滨工业大学出版社@d2017.4 | |
| 215 | @a122页@d25cm | |
| 330 | @a该书是昆明师范学院数学系1951-1957年使用的自编讲义。1954年经教育部批准,作为全国高等师范院校交流教材。作者为国立清华大学十级(1934-1938)杰出校友、著名几何学家、数学教育家朱德祥教授。本书共三章,分别论述:切线或切面方程,包线或包面、对于二次曲线之格与格线、对于二次曲面之格与格面。 | |
| 606 | 0 | @a代数@x高等学校@j教学参考资料 |
| 606 | 0 | @a几何@x高等学校@j教学参考资料 |
| 690 | @aO15@v5 | |
| 690 | @aO18@v5 | |
| 701 | 0 | @a朱德祥@9zhu de xiang@4著 |
| 801 | 0 | @aCN@b91MARC@c20171018 |
| 905 | @b1020744-8@dO15@f5@e356:2 | |
| 朱德祥代数与几何讲义.第2卷/朱德祥著.-哈尔滨:哈尔滨工业大学出版社,2017.4 |
| 122页;25cm |
| ISBN 978-7-5603-6185-7:CNY28.00 |
| 该书是昆明师范学院数学系1951-1957年使用的自编讲义。1954年经教育部批准,作为全国高等师范院校交流教材。作者为国立清华大学十级(1934-1938)杰出校友、著名几何学家、数学教育家朱德祥教授。本书共三章,分别论述:切线或切面方程,包线或包面、对于二次曲线之格与格线、对于二次曲面之格与格面。 |
| ● |
| 相关链接 |
|
|
|
|
正题名:朱德祥代数与几何讲义
索取号:O15/356:2
 
预约/预借
| 序号 | 登录号 | 条形码 | 馆藏地/架位号 | 状态 | 备注 |
| 1 | 1020744 | 210207444 | 第二样本阅览室/ [索取号:O15/356:2] | 在馆 | |
| 2 | 1020745 | 210207453 | 密集书库-数信学院/ [索取号:O15/356:2] | 在馆 | |
| 3 | 1020746 | 210207462 | 第三借阅区/ [索取号:O15/356:2] | 在馆 | |
| 4 | 1020747 | 210207471 | 第三借阅区/ [索取号:O15/356:2] | 在馆 | |
| 5 | 1020748 | 210207480 | 第三借阅区/ [索取号:O15/356:2] | 在馆 |